[Event "BL 2018-19"]
[Site "Berlin"]
[Date "2019.04.07"]
[Round "15"]
[White "Maze, Sebastien"]
[Black "Hausrath, Daniel"]
[Result "1/2-1/2"]
[WhiteElo "2602"]
[BlackElo "2493"]
[Annotator "ChessBase"]
[PlyCount "83"]
[EventDate "2018.11.10"]
[EventType "team-tourn"]
[EventCountry "GER"]
[SourceTitle "playchess.com"]
[Source "ChessBase"]
[SourceQuality "1"]
[WhiteTeam "Viernheim"]
[BlackTeam "Muelheim"]
[TimeControl "40/6000+30:3000+30"]

1. e4 {[%emt 0:00:30]} c6 {[%emt 0:00:30]} 2. d4 {[%emt 0:00:00]} d5 {[%emt 0:00:00]} 3. e5 {[%emt 0:00:00]} Bf5 {[%emt 0:00:00]} 4. Nf3 {[%emt 0:00:00]} e6 {[%emt 0:00:30]} 5. Be2 {[%emt 0:00:00]} Nd7 {[%emt 0:00:00]} 6. O-O {[%emt 0:00:00]} Bg6 {[%emt 0:00:00]} 7. c3 {[%emt 0:00:00]} Nh6 {[%emt 0:01:30]} 8. a4 {[%emt 0:00:30]} a5 {[%emt 0:00:30]} 9. Bf4 {[%emt 0:03:30]} Be7 {[%emt 0:03:30]} 10. Nbd2 {[%emt 0:07:30]} O-O {[%emt 0:01:30]} 11. Re1 {[%emt 0:00:00]} f6 {[%emt 0:05:30]} 12. exf6 {[%emt 0:00:00]} Bxf6 {[%emt 0:00:30]} 13. Bf1 {[%emt 0:03:30]} Qb6 {[%emt 0:10:30]} 14. Qb3 {[%emt 0:34:30]} Bxd4 {[%emt 0:10:30]} 15. Nxd4 {[%emt 0:00:30]} Rxf4 {[%emt 0:00:00]} 16. Qxb6 {[%emt 0:00:30]} Nxb6 {[%emt 0:00:00]} 17. g3 {[%emt 0:01:30]} Rf6 {[%emt 0:18:30]} 18. Nxe6 {[%emt 0:02:30]} Nf5 {[%emt 0:03:30]} 19. Nc5 {[%emt 0:02:30]} Nd6 {[%emt 0:01:30]} 20. Bh3 {[%emt 0:02:30]} Bf5 {[%emt 0:11:30]} 21. Bxf5 {[%emt 0:02:30]} Rxf5 {[%emt 0:00:30]} 22. Re6 {[%emt 0:01:30]} Rf6 {[%emt 0:04:30]} 23. Rae1 {[%emt 0:00:30]} Raf8 {[%emt 0:05:30]} 24. R6e2 {[%emt 0:00:30]} R6f7 {[%emt 0:10:30]} 25. Ndb3 {[%emt 0:03:30]} Nbc4 {[%emt 0:09:13]} 26. Nd4 {[%emt 0:01:30]} Ne4 {[%emt 0:00:45]} 27. Nxe4 {[%emt 0:18:30]} dxe4 {[%emt 0:00:08]} 28. Ne6 {[%emt 0:00:30]} Re8 {[%emt 0:06:20]} 29. Ng5 {[%emt 0:00:00]} Rfe7 {[%emt 0:01:45]} 30. Nxe4 {[%emt 0:00:00]} Kh8 {[%emt 0:02:58]} 31. f3 {[%emt 0:01:30]} h6 {[%emt 0:00:36]} 32. Kg2 {[%emt 0:00:30]} Nb6 {[%emt 0:00:14]} 33. b3 {[%emt 0:00:30]} Nd5 {[%emt 0:00:19]} 34. c4 {[%emt 0:00:30]} Nb4 {[%emt 0:01:19]} 35. Rd1 {[%emt 0:02:30]} c5 {[%emt 0:00:55]} 36. Red2 {[%emt 0:00:30]} b6 {[%emt 0:00:24]} 37. Rd8 {[%emt 0:07:06]} Nc2 {[%emt 0:00:27]} 38. Rxe8+ {[%emt 0:11:37]} Rxe8 {[%emt 0:00:30]} 39. Rd6 {[%emt 0:00:44]} Rb8 {[%emt 0:00:30]} 40. Nc3 {[%emt 0:00:45]} Nd4 {[%emt 0:00:30]} 41. Nd5 {[%emt 0:50:38]} Re8 {[%emt 0:50:30]} 42. Nf4 {[%emt 0:00:06]} 1/2-1/2

[Event "BL 2018-19"]
[Site "Berlin"]
[Date "2019.04.07"]
[Round "15"]
[White "Buhmann, Rainer"]
[Black "Spoelman, Wouter"]
[Result "1/2-1/2"]
[WhiteElo "2574"]
[BlackElo "2573"]
[Annotator "TA"]
[PlyCount "75"]
[EventDate "2018.11.10"]
[EventType "team-tourn"]
[EventCountry "GER"]
[SourceTitle "playchess.com"]
[Source "ChessBase"]
[SourceQuality "1"]
[WhiteTeam "Hockenheim"]
[BlackTeam "Werder Bremen"]

{[%evp 20,75,46,33,63,54,62,58,73,72,91,81,62,60,68,79,84,33,87,13,42,40,228,252,206,143,134,151,122,106,116,47,34,57,50,53,87,-22,0,-4,0,-2,201,196,188,193,152,63,52,21,21,21,21,19,18,6,8,0]} 1. e4 c5 2. Nf3 e6 3. d4 cxd4 4. Nxd4 a6 5. c4 Nf6 6. Nc3 Qc7 7. Be2 b6 8. O-O Bb7 9. Qd3 d6 10. f4 Nbd7 11. b4 Be7 {B41: Sicilian: Kan Variation: 5 c4} 12. Be3 O-O 13. Rac1 Rfe8 {White is slightly better.} 14. g4 h6 15. h4 $1 Nh7 16. g5 $36 {[%mdl 2048] White is pushing.} hxg5 17. hxg5 g6 18. Nf3 {[#]} (18. Bg4 $16 {Hoping for Nxe6!} Bf8 19. Rfd1) 18... Qd8 $146 (18... a5 $1 $14) ({Predecessor:} 18... Bf8 19. Qd2 {0-1 (36) Palac,M (2577)-Neiksans,A (2602) Reykjavik 2015}) 19. Rf2 (19. Qd2 $16) 19... e5 $1 $11 20. f5 Nxg5 $2 (20... gxf5 $1 $14 21. g6 fxg6) 21. Nxg5 $18 Bxg5 22. Rg2 Bxe3+ 23. Qxe3 Kg7 24. Rd1 ({Reject} 24. Rh2 $6 Rh8 $11) 24... Qh4 25. Rh2 ({Better is} 25. fxg6 $16 fxg6 26. Qf2 Qxf2+ 27. Rxf2) 25... Qf4 $14 26. Qxf4 exf4 27. Rxd6 Rad8 28. Kf2 (28. fxg6 $16 fxg6 29. Rf2) 28... a5 29. a3 axb4 30. axb4 Bxe4 $2 (30... gxf5 $11 31. Nd5 (31. exf5 f3 $11) 31... f3 32. Bxf3 fxe4) 31. Nxe4 $18 Rxe4 {[#]} 32. f6+ $1 {[%mdl 512]} Kg8 {[#]} (32... Nxf6 33. Rxd8) 33. Bg4 (33. Rh1 $1 $16) 33... Rxc4 $14 34. Rxd7 ({Much worse is} 34. Bxd7 Rc7 $11) 34... Rxd7 {The position is equal.} 35. Bxd7 {Strongly threatening Kf3.} Rxb4 36. Rh4 {With the idea Kf3.} Rd4 37. Bb5 {Threatening Kf3.} Rd5 38. Bc4 {Accuracy: White = 45%, Black = 46%.} 1/2-1/2

[Event "BL 2018-19"]
[Site "Berlin"]
[Date "2019.04.07"]
[Round "15"]
[White "Tarlev, Konstantin"]
[Black "Buckels, Valentin"]
[Result "1/2-1/2"]
[WhiteElo "2557"]
[BlackElo "2427"]
[Annotator "ChessBase"]
[PlyCount "61"]
[EventDate "2018.11.10"]
[EventType "team-tourn"]
[EventCountry "GER"]
[SourceTitle "playchess.com"]
[Source "ChessBase"]
[SourceQuality "1"]
[WhiteTeam "Viernheim"]
[BlackTeam "Muelheim"]
[TimeControl "40/6000+30:3000+30"]

1. e4 {[%emt 0:00:30]} e5 {[%emt 0:00:30]} 2. Nf3 {[%emt 0:00:00]} Nc6 {[%emt 0:00:00]} 3. Bc4 {[%emt 0:00:00]} Bc5 {[%emt 0:00:00]} 4. d3 {[%emt 0:00:30]} Nf6 {[%emt 0:00:30]} 5. O-O {[%emt 0:01:30]} d6 {[%emt 0:00:30]} 6. c3 {[%emt 0:00:30]} h6 {[%emt 0:05:30]} 7. Re1 {[%emt 0:11:30]} O-O {[%emt 0:02:30]} 8. Nbd2 {[%emt 0:05:30]} a5 {[%emt 0:00:30]} 9. Nf1 {[%emt 0:07:30]} Be6 {[%emt 0:01:30]} 10. Bb5 {[%emt 0:16:30]} Ne7 {[%emt 0:02:30]} 11. d4 {[%emt 0:02:30]} Bb6 {[%emt 0:04:30]} 12. dxe5 {[%emt 0:06:30]} Ng4 {[%emt 0:04:30]} 13. Be3 {[%emt 0:00:30]} Bxe3 {[%emt 0:04:30]} 14. Nxe3 {[%emt 0:00:00]} Nxe5 {[%emt 0:00:30]} 15. Nd4 {[%emt 0:00:00]} Bd7 {[%emt 0:06:30]} 16. Bf1 {[%emt 0:00:30]} a4 {[%emt 0:03:30]} 17. Qc2 {[%emt 0:10:30]} N7g6 {[%emt 0:05:30]} 18. f3 {[%emt 0:04:30]} h5 {[%emt 0:04:30]} 19. Qf2 {[%emt 0:04:30]} Nf4 {[%emt 0:05:30]} 20. Rad1 {[%emt 0:00:30]} h4 {[%emt 0:05:30]} 21. Ndf5 {[%emt 0:08:30]} Qg5 {[%emt 0:12:30]} 22. Kh1 {[%emt 0:01:30]} Neg6 {[%emt 0:03:30]} 23. g3 {[%emt 0:10:34]} hxg3 {[%emt 0:03:30]} 24. hxg3 {[%emt 0:00:02]} Qh5+ {[%emt 0:01:30]} 25. Kg1 {[%emt 0:01:01]} Nh3+ {[%emt 0:03:30]} 26. Bxh3 {[%emt 0:00:03]} Qxh3 {[%emt 0:00:00]} 27. f4 {[%emt 0:10:24]} Rfe8 {[%emt 0:05:00]} 28. Qf3 {[%emt 0:00:53]} Ra5 {[%emt 0:04:30]} 29. c4 {[%emt 0:00:57]} Bxf5 {[%emt 0:03:48]} 30. Nxf5 {[%emt 0:00:33]} Ne7 {[%emt 0:01:22]} 31. Nxe7+ {[%emt 0:03:31]} 1/2-1/2

[Event "BL 2018-19"]
[Site "Berlin"]
[Date "2019.04.07"]
[Round "15"]
[White "Werle, Jan"]
[Black "Wagner, Dennis"]
[Result "1/2-1/2"]
[WhiteElo "2528"]
[BlackElo "2576"]
[Annotator "ChessBase"]
[PlyCount "80"]
[EventDate "2018.11.10"]
[EventType "team-tourn"]
[EventCountry "GER"]
[SourceTitle "playchess.com"]
[Source "ChessBase"]
[SourceQuality "1"]
[WhiteTeam "Werder Bremen"]
[BlackTeam "Hockenheim"]
[TimeControl "40/6000+30:3000+30"]

1. d4 {[%emt 0:00:30]} Nf6 {[%emt 0:00:30]} 2. c4 {[%emt 0:00:00]} g6 {[%emt 0:00:00]} 3. Nc3 {[%emt 0:00:00]} d5 {[%emt 0:00:00]} 4. cxd5 {[%emt 0:00:30]} Nxd5 {[%emt 0:00:30]} 5. e4 {[%emt 0:00:00]} Nxc3 {[%emt 0:00:00]} 6. bxc3 {[%emt 0:00:00]} Bg7 {[%emt 0:00:00]} 7. Be3 {[%emt 0:00:30]} c5 {[%emt 0:00:00]} 8. Rc1 {[%emt 0:03:30]} Qa5 {[%emt 0:10:00]} 9. Qd2 {[%emt 0:00:30]} cxd4 {[%emt 0:00:30]} 10. cxd4 {[%emt 0:00:00]} Qxd2+ {[%emt 0:00:30]} 11. Kxd2 {[%emt 0:05:00]} O-O {[%emt 0:00:00]} 12. Nf3 {[%emt 0:00:30]} Rd8 {[%emt 0:05:00]} 13. Bd3 {[%emt 0:04:30]} Nc6 {[%emt 0:04:30]} 14. d5 {[%emt 0:11:30]} Nb4 {[%emt 0:00:30]} 15. Bd4 {[%emt 0:23:30]} e6 {[%emt 0:20:30]} 16. Bxg7 {[%emt 0:03:30]} Kxg7 {[%emt 0:00:00]} 17. Rc7 {[%emt 0:18:30]} exd5 {[%emt 0:00:00]} 18. e5 {[%emt 0:00:30]} Rd7 {[%emt 0:04:30]} 19. Rhc1 {[%emt 0:02:30]} Nc6 {[%emt 0:00:30]} 20. Rxd7 {[%emt 0:01:30]} Bxd7 {[%emt 0:00:30]} 21. Rb1 {[%emt 0:02:30]} b6 {[%emt 0:32:30]} 22. Bb5 {[%emt 0:03:30]} Rc8 {[%emt 0:00:00]} 23. Rc1 {[%emt 0:10:06]} Nxe5 {[%emt 0:04:00]} 24. Nxe5 {[%emt 0:00:10]} Rxc1 {[%emt 0:00:30]} 25. Bxd7 {[%emt 0:00:02]} Ra1 {[%emt 0:02:30]} 26. a4 {[%emt 0:00:06]} Kf6 {[%emt 0:05:48]} 27. Nd3 {[%emt 0:00:10]} d4 {[%emt 0:02:00]} 28. Kc2 {[%emt 0:04:36]} Ke7 {[%emt 0:04:05]} 29. Bb5 {[%emt 0:00:07]} a6 {[%emt 0:13:59]} 30. Bxa6 {[%emt 0:01:00]} Rxa4 {[%emt 0:00:04]} 31. Bb5 {[%emt 0:00:34]} Ra3 {[%emt 0:00:08]} 32. h4 {[%emt 0:01:16]} Kd6 {[%emt 0:00:12]} 33. Be8 {[%emt 0:01:14]} Ra7 {[%emt 0:01:42]} 34. Bb5 {[%emt 0:04:26]} h6 {[%emt 0:00:23]} 35. Bc4 {[%emt 0:03:23]} g5 {[%emt 0:00:44]} 36. hxg5 {[%emt 0:01:44]} hxg5 {[%emt 0:00:01]} 37. Kb3 {[%emt 0:01:02]} f6 {[%emt 0:00:30]} 38. Kb4 {[%emt 0:00:40]} Rc7 {[%emt 0:00:30]} 39. Kb5 {[%emt 0:00:31]} Rc8 {[%emt 0:00:30]} 40. g3 {[%emt 0:02:08]} Rc7 {[%emt 0:00:16]} 1/2-1/2

[Event "BL 2018-19"]
[Site "Berlin"]
[Date "2019.04.07"]
[Round "15"]
[White "Feygin, Michael"]
[Black "Korobov, Anton"]
[Result "0-1"]
[WhiteElo "2503"]
[BlackElo "2703"]
[Annotator "TA"]
[PlyCount "73"]
[EventDate "2018.11.10"]
[EventType "team-tourn"]
[EventCountry "GER"]
[SourceTitle "playchess.com"]
[Source "ChessBase"]
[SourceQuality "1"]
[WhiteTeam "Muelheim"]
[BlackTeam "Viernheim"]

{[%evp 20,73,24,12,22,-13,0,0,-12,-7,-6,-11,-1,-23,-9,-45,-62,-59,-57,-86,-97,-110,-116,-83,-95,-123,-126,-128,-127,-147,-150,-140,-90,-95,-87,-97,-40,-37,-43,-90,-84,-62,-69,-102,-92,-105,-103,-1725,-129,-1764,-108,-1970,-156,-2464,-157,-3336]} 1. e4 c5 2. Nf3 d6 3. d4 cxd4 4. Nxd4 Nf6 5. Nc3 a6 6. h3 Nc6 7. g4 {B90: Sicilian Najdorf: Unusual White 6th moves, 6 Be3 Ng4 and 6 Be3 e5} Qb6 8. Nb3 e6 9. Bg2 Qc7 10. f4 b5 11. Be3 {LiveBook: 6 Games} Be7 12. Qd2 Nd7 {[%cal Bf6d7,Bd7b6,Bb6c4][%mdl 32]} 13. Qf2 Rb8 14. O-O {[#]} Nb6 $146 ({Predecessor:} 14... O-O) 15. Rae1 Nc4 16. Bc1 O-O 17. Kh1 a5 {[%cal Ba6a5,Ba5a4][%mdl 32]} 18. g5 f6 19. g6 hxg6 20. Qg3 b4 {[%cal Bb5b4,Bb4b3][%mdl 32]} 21. Ne2 a4 22. Nd2 {[#]} Nxd2 $1 23. Bxd2 f5 24. Qxg6 Bf6 25. c3 b3 26. a3 Ne7 27. Qh5 fxe4 (27... g6 $17 28. Qf3 Bb7) 28. Bxe4 $15 {[#] White wants to mate with Bh7+.} Nf5 29. Bxf5 exf5 30. Ng3 Qf7 {Hoping for ...Qd5+.} 31. Kh2 g6 32. Qh6 {With the idea Nh5!} Qh7 $36 {[%mdl 2048] Black is in control.} 33. Rf3 $2 {[%mdl 8192]} (33. Qxh7+ $17 Kxh7 34. Re3) 33... Ba6 $2 (33... Qxh6 $19 {is more deadly.} 34. Ree3 Bb7) 34. Rfe3 $2 {[%mdl 8192]} (34. Qxh7+ $17 Kxh7 35. Rfe3) 34... Bc4 $2 (34... Qxh6 $19 {and Black stays clearly on top.} 35. Rf3 Kf7) 35. Ne2 $2 {[%mdl 8192]} (35. Qxh7+ $17 Kxh7 36. Rd1) 35... Bh4 $2 (35... Qxh6 $19 36. Rf3 Rbe8) 36. Rd1 $2 (36. Qxh7+ $17 Kxh7 37. Ng3) 36... Rbe8 $2 (36... Qxh6 $19 {has better winning chances.} 37. Rg1 Bf2 {[%mdl 64] Double Attack}) 37. Nd4 $2 {Accuracy: White = 10%, Black = 45%.} (37. Qxh7+ $17 Kxh7 38. Ng3) 0-1

[Event "BL 2018-19"]
[Site "Berlin"]
[Date "2019.04.07"]
[Round "15"]
[White "Vrolijk, Liam"]
[Black "Amin, Bassem"]
[Result "1/2-1/2"]
[WhiteElo "2445"]
[BlackElo "2709"]
[Annotator "TA"]
[PlyCount "49"]
[EventDate "2018.11.10"]
[EventType "team-tourn"]
[EventCountry "GER"]
[SourceTitle "playchess.com"]
[Source "ChessBase"]
[SourceQuality "1"]
[WhiteTeam "Muelheim"]
[BlackTeam "Viernheim"]

{[%evp 19,49,28,22,23,36,18,26,33,37,7,9,10,11,13,25,11,17,14,8,6,59,51,66,54,58,0,58,0,56,0,58,0]} 1. d4 Nf6 2. c4 e6 3. Nf3 Bb4+ 4. Bd2 c5 5. Bxb4 cxb4 6. g3 b6 7. Bg2 Bb7 8. O-O O-O 9. a3 bxa3 {E16: Queen's Indian: 4 g3 Bb7 5 Bg2 Bb4+} 10. Nxa3 a5 {LiveBook: 7 Games} 11. Rc1 $146 ({Predecessor:} 11. b3 Na6 12. Qd2 Nb4 13. Rfc1 Qe7 14. Nc2 Nxc2 15. Rxc2 Rfc8 {½-½ (85) Anton Guijarro,D (2660)-Predke,A (2566) Minsk 2017}) 11... Na6 {White has an edge.} 12. Ne5 Bxg2 13. Kxg2 d6 14. Nf3 Qd7 15. Qb3 Rab8 16. Rfd1 Rfc8 17. Kg1 h6 18. Qe3 Qa4 19. Nb5 Qb4 (19... Rxc4 $11 20. Nxd6 Rxc1 21. Rxc1 Qd7) 20. b3 $14 d5 {[%cal Rd5c4]} 21. Na7 Rc7 $1 {[%cal Rc7a7]} 22. Nb5 Rcc8 {[%cal Rd5c4]} 23. Na7 Rc7 $1 {[%cal Rc7a7]} 24. Nb5 Rcc8 {[%cal Rd5c4]} 25. Na7 {Precision: White = 49%, Black = 48%.} (25. Ne5 $14) 1/2-1/2

[Event "BL 2018-19"]
[Site "Berlin"]
[Date "2019.04.07"]
[Round "15"]
[White "Zelbel, Patrick"]
[Black "Fedorchuk, Sergey A."]
[Result "1/2-1/2"]
[WhiteElo "2439"]
[BlackElo "2604"]
[Annotator "TA"]
[PlyCount "53"]
[EventDate "2018.11.10"]
[EventType "team-tourn"]
[EventCountry "GER"]
[SourceTitle "playchess.com"]
[Source "ChessBase"]
[SourceQuality "1"]
[WhiteTeam "Muelheim"]
[BlackTeam "Viernheim"]

{[%evp 17,53,0,4,0,0,0,0,0,-6,0,0,0,0,0,20,8,10,13,12,7,0,0,0,0,0,0,11,-14,-12,-14,-14,-17,-31,-14,0,0,0,-35]} 1. e4 c5 2. Nf3 e6 3. c3 d5 4. exd5 Qxd5 5. d4 Nf6 6. Na3 Nc6 7. Be3 cxd4 {B22: Sicilian: 2 c3} 8. Nb5 Qd8 9. Nbxd4 Nd5 {LiveBook: 59 Games} 10. Qa4 (10. Bd3 Nxe3 11. fxe3 Bd7 12. Qc2 g6 13. O-O-O Bg7 14. Kb1 O-O 15. h4 {½-½ (23) Zhigalko,S (2604)-Alekseev,E (2639) St Petersburg 2018}) 10... Bd7 11. Nxc6 Bxc6 12. Bb5 Bxb5 13. Qxb5+ {[%mdl 64] [#] Double Attack} Qd7 14. Qxd7+ Kxd7 15. Rd1 {Strongly threatening c4.} Bd6 $146 ({Predecessor:} 15... Ke8 16. Ke2 Rd8 17. Bd4 f6 18. g3 b6 19. Rd2 {1-0 (19) Bronts,G (2314)-Hernandez Fernandez,R ICCF email 2012}) 16. Bd4 {Black must now prevent c4.} Ke7 17. c4 Nf6 18. Ke2 Rac8 19. Bxf6+ gxf6 20. b3 Rhg8 21. g3 Rg4 22. h3 Re4+ 23. Kd3 f5 24. Ng5 Re5 {aiming for ...Rd8.} 25. Nf3 Re4 {...Bb4 is the strong threat.} 26. Ng5 Re5 27. Nf3 {Accuracy: White = 79%, Black = 83%.} 1/2-1/2

[Event "BL 2018-19"]
[Site "Berlin"]
[Date "2019.04.07"]
[Round "15"]
[White "Warmerdam, Max"]
[Black "Abergel, Thal"]
[Result "0-1"]
[WhiteElo "2422"]
[BlackElo "2425"]
[Annotator "NA"]
[PlyCount "78"]
[EventDate "2018.11.10"]
[EventType "team-tourn"]
[EventCountry "GER"]
[SourceTitle "playchess.com"]
[Source "ChessBase"]
[SourceQuality "1"]
[WhiteTeam "Muelheim"]
[BlackTeam "Viernheim"]
[TimeControl "40/6000+30:3000+30"]

1. e4 {[%emt 0:00:30]} c5 {[%emt 0:01:30]} 2. Nf3 {[%emt 0:00:00]} d6 {[%emt 0:00:00]} 3. d4 {[%emt 0:00:00]} cxd4 {[%emt 0:00:00]} 4. Nxd4 {[%emt 0:00:30]} Nf6 {[%emt 0:00:00]} 5. Nc3 {[%emt 0:00:00]} a6 {[%emt 0:00:00]} 6. h3 {[%emt 0:00:00]} e5 {[%emt 0:00:30]} 7. Nb3 {[%emt 0:00:00]} Be6 {[%emt 0:01:30] B90: Sicilian Najdorf: Unusual White 6th moves, 6 Be3 Ng4 and 6 Be3 e5} 8. f4 {[%emt 0:01:00]} g6 {[%emt 0:00:00]} (8... exf4 9. Bxf4 Nc6 10. Qe2 Be7 11. O-O-O Qc7 12. g4 O-O 13. g5 Nd7 14. Qe3 Rac8 15. Kb1 {1-0 (60) Van Foreest,J (2612)-Nepomniachtchi,I (2763) Wijk aan Zee 2019}) 9. Be2 {[%emt 0:00:30]} Nbd7 {[%emt 0:03:00]} 10. g4 {[%emt 0:00:30]} exf4 {[%emt 0:03:30]} 11. g5 {[%emt 0:00:30]} Nh5 $146 {[%emt 0:04:30]} ({Predecessor:} 11... Ng8 12. Bxf4 h6 13. Qd4 hxg5 14. Bd2 Rxh3 15. Rxh3 Bxh3 16. O-O-O Qf6 17. Qg1 Be6 18. Nd4 {½-½ (18) Tiemann,C (2403)-Ibragimov,V (2431) GER email 2017}) 12. Bxh5 {[%emt 0:00:30]} Qxg5 {[%emt 0:01:30]} 13. Bg4 {[%emt 0:00:30]} h5 {[%emt 0:14:30]} (13... Qh4+ $11 {keeps the balance.} 14. Kd2 Bg7 {[%mdl 64] Decoy}) 14. Bxe6 {[%emt 0:02:30]} Qh4+ {[%emt 0:01:30]} 15. Kf1 {[%emt 0:00:30]} fxe6 {[%emt 0:00:30]} 16. Qe1 {[%emt 0:27:30]} (16. Nd4 $16 Qf6 17. Nf3) 16... Qf6 {[%emt 0:02:30]} 17. e5 {[%emt 0:05:30]} dxe5 {[%emt 0:17:30]} 18. Ne4 {[%emt 0:03:30]} (18. Bd2 $11) 18... Qf5 {[%emt 0:01:30]} 19. Bd2 {[%emt 0:00:30]} Be7 {[%emt 0:01:30]} 20. Bb4 {[%emt 0:22:30]} Nf6 {[%emt 0:01:30]} 21. Nxf6+ {[%emt 0:02:30]} Bxf6 {[%emt 0:00:30]} 22. Nc5 {[%emt 0:00:30]} O-O-O {[%emt 0:13:30]} 23. Ne4 {[%emt 0:01:30]} Kb8 {[%emt 0:06:30]} 24. Nxf6 {[%emt 0:01:30]} Qxf6 {[%emt 0:00:30]} 25. Bc3 {[%emt 0:00:00]} Rd5 {[%emt 0:00:30]} 26. Rd1 {[%emt 0:00:00]} Re8 $11 {[%emt 0:00:30]} 27. Qe2 {[%emt 0:33:17]} f3 {[%emt 0:12:30]} 28. Qe1 {[%emt 0:00:05]} Qf5 {[%emt 0:01:30]} 29. Rd3 {[%emt 0:03:34]} Red8 {[%emt 0:11:46]} 30. Bxe5+ {[%emt 0:01:49]} Ka8 {[%emt 0:00:12]} 31. Qc3 {[%emt 0:02:44]} Qe4 {[%emt 0:05:41]} 32. Rh2 {[%emt 0:00:16]} g5 {[%emt 0:00:24]} 33. Rhd2 {[%emt 0:01:02]} Qh4 {[%emt 0:01:47]} 34. Rxd5 {[%emt 0:00:14]} Qxh3+ {[%emt 0:00:48]} 35. Kf2 {[%emt 0:01:01]} Qg2+ {[%emt 0:00:55]} 36. Ke3 {[%emt 0:00:01]} Qg1+ {[%emt 0:00:43]} 37. Kxf3 {[%emt 0:00:55]} exd5 {[%emt 0:00:23]} 38. Ke2 {[%emt 0:01:06]} Re8 {[%emt 0:00:34]} 39. Kd3 {[%emt 0:00:22]} Rf8 {[%emt 0:01:41]} 0-1

[Event "BL 2018-19"]
[Site "Berlin"]
[Date "2019.04.07"]
[Round "15.1"]
[White "Harikrishna, Pentala"]
[Black "Leko, Peter"]
[Result "1/2-1/2"]
[WhiteElo "2725"]
[BlackElo "2679"]
[Annotator "TA"]
[PlyCount "48"]
[EventDate "2018.11.10"]
[EventType "team-tourn"]
[EventCountry "GER"]
[SourceTitle "playchess.com"]
[Source "ChessBase"]
[SourceQuality "1"]
[WhiteTeam "Solingen"]
[BlackTeam "SF Deizisau"]

{[%evp 20,48,15,15,12,7,12,0,16,0,0,0,0,0,0,0,0,0,0,0,0,0,0,-12,-18,-16,0,0,0,-20,0]} 1. d4 Nf6 2. c4 e6 3. Nf3 d5 4. Nc3 c5 5. cxd5 Nxd5 6. e4 Nxc3 7. bxc3 cxd4 8. cxd4 Bb4+ 9. Bd2 Bxd2+ 10. Qxd2 O-O 11. Rc1 {The position is equal.} b6 {D41: Queen's Gambit Declined: Semi-Tarrasch with 5 cxd5} 12. Bd3 Bb7 13. Qe3 (13. O-O Nd7 14. Qe3 Nf6 15. Ne5 Qe7 16. Rc3 Rac8 17. Rfc1 Rxc3 18. Rxc3 Rd8 19. f3 {½-½ (32) Shankland,S (2724)-Leko,P (2679) Germany 2019}) 13... Nd7 {[%cal Bb8d7,Bd7b6,Bb6c8,Bc8e7][%mdl 32]} 14. e5 Bxf3 15. Qxf3 b5 $146 ({Predecessor:} 15... Qh4 16. Qe3 Rfd8 17. O-O Rac8 18. g3 Qe7 19. Rfd1 {1-0 (52) Marez,S (2388)-Blondel,F (2070) ICCF email 2014}) 16. O-O a6 17. Rc6 $40 {[%mdl 128] White attacks.} Nb6 18. Rfc1 Ra7 19. Rd6 Qb8 20. h4 Nc8 21. Rdc6 Ne7 22. Rd6 Nc8 23. Rdc6 Ne7 24. Rd6 Nc8 {Accuracy: White = 67%, Black = 71%.} 1/2-1/2

[Event "BL 2018-19"]
[Site "Berlin"]
[Date "2019.04.07"]
[Round "15.1"]
[White "Svane, Rasmus"]
[Black "Piorun, Kacper"]
[Result "1/2-1/2"]
[WhiteElo "2600"]
[BlackElo "2634"]
[Annotator "TA"]
[PlyCount "64"]
[EventDate "2018.11.10"]
[EventType "team-tourn"]
[EventCountry "GER"]
[SourceTitle "playchess.com"]
[Source "ChessBase"]
[SourceQuality "1"]
[WhiteTeam "Hamburg SK"]
[BlackTeam "SF Berlin"]

{[%evp 20,64,31,32,68,58,63,48,50,47,76,71,64,73,90,67,90,91,145,142,236,244,250,239,221,166,169,200,189,209,180,190,159,75,73,75,162,79,65,0,0,0,0,0,0,0,0]} 1. d4 Nf6 2. c4 e6 3. Nf3 d5 4. g3 Be7 5. Bg2 O-O 6. O-O Nbd7 7. Qc2 c6 8. b3 b6 9. Bb2 Bb7 10. Nc3 Rc8 11. e4 Ba6 {E08: Closed Catalan: Main Line: 7 Qc2} (11... Nxe4 12. Nxe4 dxe4 13. Qxe4 Nf6 14. Qc2 c5 15. Rad1 cxd4 16. Rxd4 Qc7 17. Rfd1 Rfd8 18. Qe2 h6 19. Ne5 Rxd4 20. Rxd4 Bxg2 21. Kxg2 {1-0 (69) Mamedyarov,S (2772)-Vitiugov,N (2731) Sochi 2017}) 12. e5 Ne8 13. Rfd1 dxc4 $146 {White is slightly better.} ({Predecessor:} 13... Nc7 14. h4 h6 15. Ne2 c5 16. dxc5 Bxc5 17. Nf4 Qe7 18. a3 b5 19. b4 bxc4 20. bxc5 Nxc5 {1-0 (46) Horvath,T (2182)-Albrecht,G (2098) Hungary 2013}) 14. Ne4 cxb3 15. axb3 Nb8 16. Bc1 {[%mdl 1024] White has compensation.} h6 17. Bf4 Rc7 18. g4 $1 g5 (18... Rd7 $142) 19. Be3 $16 f5 (19... Bb7 $16 20. h4 (20. Rxa7 c5 $16) 20... c5) 20. exf6 $1 $18 Bxf6 {[#]} 21. h4 $1 {[%mdl 512]} Rg7 (21... gxh4 22. Bxh6) 22. Ne5 Qc7 23. hxg5 Bxg5 24. Nxg5 hxg5 25. Qd2 Qd8 {[#]} 26. f4 ({Better is} 26. Re1 $1) 26... gxf4 $16 27. Bxf4 {aiming for Bh6.} Qh4 {[#]} (27... Qf6 $16 28. Bg3 (28. Bh6 Be2 $16) 28... Bb5) 28. Bh6 (28. Re1 $1 $18) 28... Be2 29. Bxg7 (29. Qe3 $1 $14 Bxd1 30. Bxg7 (30. Rxd1 Rff7 $14) 30... Nxg7 31. Rxd1) 29... Qf2+ $11 {The position is equal.} 30. Kh1 Qh4+ 31. Kg1 Qf2+ 32. Kh1 Qh4+ {Accuracy: White = 55%, Black = 44%.} 1/2-1/2